| 000 | 00508nam a22001937a 4500 | ||
|---|---|---|---|
| 003 | OSt | ||
| 005 | 20240619131459.0 | ||
| 008 | 240619b |||||||| |||| 00| 0 eng d | ||
| 020 | _a0521372003 | ||
| 040 | _cmust | ||
| 082 | _a531.3 PIP 1989 | ||
| 100 |
_apippard,A .B _917524 |
||
| 245 |
_aThe physics of vibration/ _cA.B. Pippard |
||
| 260 |
_aNew york: _bCambridge University Press; _c1989. |
||
| 300 |
_ax,639p.: _bill; _c25cm. |
||
| 504 | _aIncludes Index | ||
| 600 | _2Vibration | ||
| 942 |
_2ddc _cO_SHELF |
||
| 999 |
_c8667 _d8667 |
||